Riconosci la Stato degli Stati Uniti - Quiz n°32 - Statistics

Statistiche generali
  • Questo quiz è stato fatto 13 volte
  • Il punteggio medio è 8 su 10
Statistiche sulle risposte
Indizio Risposta % Corretto
Iniziale della Capitale A
100%
Superficie 32 131 km²
91%
Popolazione 6 185 278
91%
Numero stati confinanti 5
82%
Fuso orario UTC-5
82%
Altitudine 0 - 1 024 m s.l.m.
64%
Numero contee 23
64%
Data di istituzione 28 aprile 1788
64%
Rappresentanza parlamentare 8 Rappresentanti: 7 D, 1 R 2 Senatori: Chris Van Hollen (D), Ben Cardin (D)
64%
Stato federale Maryland
64%
Nessun quiz corrispondente trovato
Distribuzione punteggi
Percentuale di utenti per punteggio
Percentile per numero di risposta
I tuoi punteggi nel tempo
Non hai fatto questo quiz